=LDR 00000nam 2200000 4500 =001 INLIS000000000011918 =005 20130612103451 =008 ***********************************Ind** =035 ##$$0010-061300000011918 =041 ##$$a Ind =082 ##$$a 418.02 =090 ##$$a 418.02, Kam t =100 ##$$a Kamil, R. AG =245 ##$$a tehnik Membaca text book dan penerjemahan , R.AG. Kamil =260 ##$$a 2001 $b Yogyakarta =300 ##$$a 83 hlm., 21 cm =650 ##$$a Bahasa Indonesia =650 ##$$a Terjemahan =850 ##$$a NBPNMAT